South Eastern Kenya University

Library Online Public Access Catalogue


Animal Genetics (Record no. 1123)

MARC details
000 -LEADER
fixed length control field 00287cam a2200121 4500
020 ## - ISBN
International Standard Book Number 81892054
050 00 - LIBRARY OF CONGRESS CALL NUMBER
Classification Number SF105
Item Number .K36 2007
100 1# - MAIN ENTRY--Author
Personal name Kanakaraj P.
245 10 - TITLE
Title Animal Genetics
Statement of responsibility, etc .
260 ## - PUBLICATION, DISTRIBUTION, ETC.(IMPRINT)
Place of publication, distribution, etc India
Name of publisher, distributor, etc International Boook Distributing Company
Date of publication, distribution, etc 2007
300 ## - PHYSICAL DESCRIPTION
Extent 513p.
942 ## - ADDED ENTRY ELEMENTS(KOHA)
Koha item type General circulation
Holdings
Source of classification or shelving scheme Not for loan Location (home branch) Sublocation (holding branch) Date accessioned Cost, normal purchase price Full call number Barcode Copy number Cost, replacement price Koha item type Public note
Library of Congress Classification   Main Campus Library Main Campus Library 15/08/2014 1100.00 SF105 .K36 2007 01932 C1 1600.00 General circulation kim
Library of Congress Classification   Main Campus Library Main Campus Library 15/08/2014 1100.00 SF105 .K36 2007 01933 C2 1600.00 General circulation kim
Kitui, Kenya.
+254736116989
library@seku.ac.ke